[Event "Olympiad Women 2024"]
[Site "Budapest HUN"]
[Date "2024.09.13"]
[Round "3.22"]
[Board "4"]
[White "Mashabova, Shukrona"]
[Black "Novosadova, Kristyna"]
[Result "0-1"]
[WhiteElo "1711"]
[BlackElo "2066"]
[PlyCount "72"]
[EventDate "2024.09.11"]
[WhiteTeam "Tajikistan"]
[BlackTeam "Czech Republic"]
[WhiteTeamCountry "TJK"]
[BlackTeamCountry "CZE"]

1. e4 e5 2. Nf3 Nc6 3. Nc3 Nf6 4. Bc4 Nxe4 5. Nxe4 d5 6. Bxd5 Qxd5 7. Nc3 Qd8 8. h3 Bc5 9. d3 O-O 10. O-O ({RR} 10. Be3 Nd4 11. Ne4 Bb4+ 12. c3 Nxf3+ 13. Qxf3 Be7 14. Bc5 f5 15. Bxe7 Qxe7 16. Nd2 Be6 17. Qe3 Bd5 18. f3 Qh4+ 19. Qf2 Qh6 20. Qc5 Rad8 21. c4 b6 22. Qf2 Bc6 23. Qe2 e4 24. dxe4 fxe4 {0-1 Braggaar,P (2019)-Erwich,F (2376) Leiden LCT op-A 6th 2012 (1)}) ({RR} 10. Be3 Bb4 11. a3 Be7 12. Qd2 f5 13. Bg5 Nd4 14. Bxe7 Qxe7 15. O-O-O Qd6 16. Qe3 Nxf3 17. Qxf3 Bd7 18. Qd5+ Qxd5 19. Nxd5 c6 20. Ne3 Be6 21. Rde1 Kf7 22. Re2 Kf6 23. Rhe1 Rfe8 24. Nf1 Bf7 {1-0 Seres,B (2207)-Cassi,E (1922) Lignano Bella Italia op 1st 2022 (5)}) 10... a6 11. Ne4 $146 ({RR} 11. Be3 Bxe3 12. fxe3 Qe7 13. a3 Rd8 14. Qe1 Be6 15. Qg3 f6 16. Nh4 Kh8 17. Rf2 b5 18. Ne4 a5 19. Raf1 b4 20. Nf5 Qf7 21. h4 Ne7 22. Nxe7 Qxe7 23. axb4 axb4 24. b3 Ra2 25. h5 f5 {0-1 Orguim da Silva,J (1932)-Lopez,A (2076) Latin Cup Montevideo 2011 (8)}) 11... Be7 12. Re1 f5 13. Ned2 Bf6 14. Nb3 b6 15. Nh2 Bb7 16. Be3 a5 17. a4 Qd7 18. Nf3 h6 19. d4 e4 20. Nh2 Nb4 21. Nc1 g5 22. c3 Nd5 23. Qh5 Bg7 24. Bd2 Nf6 25. Qd1 f4 26. Ng4 Nxg4 27. Qxg4 Qd5 28. Re2 Qf7 29. Re1 Rae8 30. Qd1 e3 31. fxe3 fxe3 32. Rf1 Qxf1+ 33. Qxf1 Rxf1+ 34. Kxf1 exd2 35. Nb3 Ba6+ 36. Kg1 Re1+ 0-1

[Event "Olympiad Women 2024"]
[Site "Budapest HUN"]
[Date "2024.09.13"]
[Round "3.23"]
[Board "1"]
[White "Clarke, Adani"]
[Black "Zherebtsova, Alexandra"]
[Result "0-1"]
[WhiteElo "1919"]
[BlackElo "2239"]
[PlyCount "78"]
[EventDate "2024.09.11"]
[WhiteTeam "Jamaica"]
[BlackTeam "Montenegro"]
[WhiteTeamCountry "JAM"]
[BlackTeamCountry "MNE"]

1. d4 Nf6 2. c4 e6 3. Nc3 Bb4 4. Nf3 d5 5. Bg5 h6 6. Bh4 g5 7. Bg3 Ne4 8. Qb3 Nc6 9. e3 h5 10. h4 g4 11. Ne5 Nxg3 12. Nxc6 bxc6 13. fxg3 Rb8 $146 ({RR} 13... Qd6 14. O-O-O Bxc3 15. Qxc3 Bd7 16. e4 dxe4 17. d5 Qf8 18. Qe5 O-O-O 19. d6 cxd6 20. Rxd6 f6 21. Qd4 Kc7 22. c5 Bc8 23. Bc4 Rxd6 24. cxd6+ Qxd6 25. Qxa7+ Bb7 26. Rd1 Qe5 27. a4 e3 28. a5 {1-0 Van Wely,L (2647)-Vallejo Pons,F (2650) Amber-rapid 15th 2006 (10)}) 14. a3 Bxc3+ 15. Qxc3 Qd6 16. O-O-O Qxg3 17. c5 Rh6 18. Qe1 Qxe1 19. Rxe1 Rf6 20. Bd3 Rf2 21. Re2 Rxe2 22. Bxe2 Rb3 23. Rf1 Ke7 24. Kc2 Rxe3 25. Bd3 Rxd3 26. Rxf7+ Kxf7 27. Kxd3 Kf6 28. Ke3 e5 29. g3 a5 30. b3 Ba6 31. b4 axb4 32. axb4 Bb5 33. dxe5+ Kxe5 34. Kd2 Kd4 35. Kc2 Ke3 36. Kd1 d4 37. Ke1 d3 38. Kd1 Ba4+ 39. Kc1 d2+ 0-1

[Event "Olympiad Women 2024"]
[Site "Budapest HUN"]
[Date "2024.09.13"]
[Round "3.23"]
[Board "2"]
[White "Skvortsova, Alena"]
[Black "Miller, Rachel"]
[Result "1/2-1/2"]
[WhiteElo "2179"]
[BlackElo "1912"]
[PlyCount "177"]
[EventDate "2024.09.11"]
[WhiteTeam "Montenegro"]
[BlackTeam "Jamaica"]
[WhiteTeamCountry "MNE"]
[BlackTeamCountry "JAM"]

1. e4 c6 2. d4 d5 3. e5 c5 4. dxc5 e6 5. a3 Bxc5 6. b4 Be7 7. Nf3 a5 8. b5 f6 9. Bd3 Nd7 10. Bb2 Nh6 11. O-O Nf7 12. exf6 Bxf6 13. Bxf6 Qxf6 14. Ra2 e5 15. Be2 $146 ({RR} 15. Re1 O-O 16. Bf1 e4 17. Nd4 Nfe5 18. Qd2 Ng4 19. h3 Nge5 20. c4 Nxc4 21. Bxc4 dxc4 22. Qc3 Nb6 23. Rxe4 Bf5 24. Nxf5 Qxf5 25. Rae2 Rad8 26. Nd2 Rd3 27. Qc2 Rxa3 28. Nxc4 Ra1+ 29. Kh2 Nd5 {1-0 Makridis,D (2226)-Basso,P (2550) Aegean op 44th 2021 (5)}) ({RR} 15. Re1 O-O 16. Bf1 Nb6 17. h3 Be6 18. c3 Rac8 19. Rae2 Nc4 20. a4 Rfd8 21. Nbd2 e4 22. Nd4 Nfe5 23. Nxc4 Nxc4 24. Nxe6 Qxe6 25. Qd4 Ne5 26. Rd2 Qf6 27. Red1 b6 28. Qe3 Rxc3 29. Qxc3 Nf3+ {0-1 Omota,V (1945)-Provoost,S (2165) 26th HZ Open 2024 (2.32)}) 15... Nb6 16. c4 d4 17. Bd3 O-O 18. Nbd2 Be6 19. Ne4 Qe7 20. Qc1 Nd7 21. Rc2 Nc5 22. Nxc5 Qxc5 23. Be4 Rab8 24. Ne1 Nd6 25. Nd3 Qc8 26. Bd5 Bxd5 27. cxd5 Qf5 28. Nc5 d3 29. Rc3 Nxb5 30. Rxd3 Rbc8 31. Rf3 Qg4 32. Rxf8+ Rxf8 33. Ne6 Nd4 34. Qc7 Nxe6 35. dxe6 Qxe6 36. Qxb7 Qa2 37. Qe7 Qd5 38. g3 e4 39. Re1 Qd2 40. Rf1 Qd5 41. Qa7 h6 42. Re1 Qa2 43. Qc5 Rf3 44. Rc1 e3 45. Qc8+ Kh7 46. Qc2+ Qxc2 47. Rxc2 exf2+ 48. Rxf2 Rxa3 49. Rb2 Kg6 50. Kg2 a4 51. Rb4 Kf5 52. Rb5+ Ke4 53. Rb7 Ra2+ 54. Kh3 g5 55. Rh7 h5 56. Rxh5 Kf5 57. g4+ Kf4 58. Rh8 Ra3+ 59. Kg2 Kxg4 60. h3+ Kf5 61. Rf8+ Ke4 62. Rg8 Ra2+ 63. Kg3 Ra1 64. Kg2 Kf5 65. Rf8+ Kg6 66. Rg8+ Kf6 67. Rf8+ Kg7 68. Ra8 a3 69. Ra6 a2 70. Kh2 Kf7 71. Kg2 Ke7 72. Kh2 Kd7 73. Kg2 Kc7 74. Kh2 Kb7 75. Ra5 Kb6 76. Ra8 Kc5 77. Rc8+ Kb4 78. Rb8+ Kc3 79. Rc8+ Kd2 80. Rd8+ Ke3 81. Re8+ Kf4 82. Rf8+ Ke5 83. Re8+ Kf6 84. Rf8+ Ke7 85. Ra8 Kd7 86. Ra6 Kc7 87. Ra8 Kb7 88. Ra5 Kb6 89. Ra8 1/2-1/2

[Event "Olympiad Women 2024"]
[Site "Budapest HUN"]
[Date "2024.09.13"]
[Round "3.23"]
[Board "3"]
[White "Brown, Raehanna"]
[Black "Milovic, Aleksandra"]
[Result "0-1"]
[WhiteElo "1910"]
[BlackElo "2121"]
[PlyCount "70"]
[EventDate "2024.09.11"]
[WhiteTeam "Jamaica"]
[BlackTeam "Montenegro"]
[WhiteTeamCountry "JAM"]
[BlackTeamCountry "MNE"]

1. d4 Nf6 2. Nf3 e6 3. e3 b6 4. Bd3 Bb7 5. Nbd2 c5 6. O-O Qc7 ({RR} 6... Rg8 7. Qe2 g5 8. c4 g4 9. Ne1 Nc6 10. Nc2 Qc7 11. Rd1 h5 12. Nf1 h4 13. b4 Nxb4 14. Nxb4 cxb4 15. e4 Nh5 16. d5 Nf4 17. Bxf4 Qxf4 18. Qe3 Qc7 19. Qe2 O-O-O 20. Rac1 Bc5 21. e5 {0-1 Castillo Pena,P (1810)-Milovic,A (2176) Olympiad Women-43 2018 (10.1)}) 7. b3 ({RR} 7. c3 d5 8. Ne5 Bd6 9. f4 O-O 10. Qe2 a5 11. Rf3 Ba6 12. Rh3 Bxd3 13. Qxd3 Nbd7 14. Nf1 Ne4 15. g4 f5 16. gxf5 Rxf5 17. Ng3 Nxg3 18. hxg3 Bxe5 19. g4 Bd6 20. gxf5 Nf6 21. fxe6 Qe7 {½-½ Nikolac,J (2500)-Popovic,P (2570) YUG-chT 40th 1988}) 7... Rg8 $146 ({RR} 7... Nc6 8. Bb2 cxd4 9. Nxd4 Nxd4 10. exd4 Bd6 11. Nf3 Ng4 12. g3 h5 13. Re1 h4 14. Bf5 Nxh2 15. Nxh2 hxg3 16. f3 g2 17. Ng4 Bh2+ 18. Kxg2 Qg3+ 19. Kf1 Bxf3 {0-1 Steiner,E-Walter,M Bad Pistyan Breyer Memorial-B 1922}) ({RR} 7... d6 8. Bb2 Nbd7 9. c4 a6 10. Rc1 Be7 11. Qe2 h6 12. e4 cxd4 13. Bxd4 O-O 14. b4 Rac8 15. h3 Rfd8 16. Rfd1 Ne5 17. Bb1 Nfd7 18. Qe3 Bf6 19. Nxe5 Bxe5 20. Nf3 Bxd4 21. Qxd4 Nf8 22. Qe3 {0-1 Castillo Pena,P (1798)-Pinero,C (2246) Titled Tue 8th Aug Early 2023 (1)}) ({RR} 7... Be7 8. Bb2 d6 9. c4 Nbd7 10. Rc1 a6 11. Qe2 O-O 12. Ng5 h6 13. Nh3 Qc6 14. f4 d5 15. f5 dxc4 16. bxc4 exf5 17. d5 Qd6 18. Rxf5 g6 19. Rff1 Ne5 20. Bxe5 Qxe5 21. Nf3 Qb8 22. e4 {1-0 Cherednichenko,S (2279)-Rigopoulos Tsigkos,A (2095) EU-ch 13th Plovdiv 2012 (11)}) 8. Bb2 Be7 9. c4 g5 10. e4 g4 11. Ne1 cxd4 12. Bxd4 Nc6 13. Bb2 Ne5 14. Bc2 O-O-O 15. Rc1 Nh5 16. Bxe5 Qxe5 17. Nd3 Qd4 18. Qe2 Bg5 19. c5 Bxd2 20. Qxd2 g3 21. Qb4 gxh2+ 22. Kh1 Qxe4 23. Qxe4 Bxe4 24. Ne1 Bc6 25. cxb6 Kb7 26. Kxh2 Nf4 27. g3 Ne2 28. Rd1 Rg5 29. Ng2 Rdg8 30. Nh4 Rh5 31. Kh3 Nf4+ 32. Kh2 Rxh4+ 33. gxh4 Rg2+ 34. Kh1 Rxf2+ 35. Kg1 Nh3# 0-1

[Event "Olympiad Women 2024"]
[Site "Budapest HUN"]
[Date "2024.09.13"]
[Round "3.23"]
[Board "4"]
[White "Koljevic, Nikolina"]
[Black "McKoy, Arielle"]
[Result "1-0"]
[WhiteElo "2030"]
[BlackElo "1442"]
[PlyCount "71"]
[EventDate "2024.09.11"]
[WhiteTeam "Montenegro"]
[BlackTeam "Jamaica"]
[WhiteTeamCountry "MNE"]
[BlackTeamCountry "JAM"]

1. e4 {Marin,Mihail} e5 2. Nc3 Nf6 3. Nf3 Nc6 4. Bb5 Bd6 5. O-O O-O 6. d3 ({RR} 6. a3 Nd4 7. Bc4 c6 8. d3 Bc7 9. h3 d5) 6... h6 ({RR} 6... a6 7. Ba4 b5 8. Bb3 Na5 9. Ne2 Re8 10. Ng3 Bf8 11. Bd2 Nxb3 12. axb3 h6 ({RR} 12... d5 13. Bg5 Bb7 14. Nh5 Be7) 13. c4 Rb8 14. Qc2 d6 15. d4 exd4 16. Nxd4 Bb7 17. f3) 7. a3 Re8 8. Bc4 ({RR} 8. Ne2 Ne7 9. Ng3 Ng6 10. Re1 c6 11. Ba4 Bc7 12. c3 d5) 8... a6 ({RR} 8... Bc5 9. Be3 Bxe3 ({RR} 9... Bb6 10. Qd2 d6 ({RR} 10... Bxe3 11. fxe3 d6 12. Nh4 Be6 13. Nf5) 11. Bxh6 gxh6 12. Qxh6 Re6 ({RR} 12... Nh7 13. Bxf7+) ({RR} 12... Be6 13. Ng5 Bxc4 14. dxc4 Nb8 15. Nd5 Nbd7 16. Rad1) 13. Bxe6 fxe6 ({RR} 13... Bxe6 14. Ng5) 14. Qg6+ Kf8 ({RR} 14... Kh8 15. Ng5) 15. Qh6+ ({RR} 15. Na4 Qe7 16. Nxb6 axb6 17. c3) 15... Ke7 16. Qg7+ Ke8 17. Na4) ({RR} 9... d6 10. h3 ({RR} 10. Qd2 Bxe3 11. fxe3 Ne7 12. Nh4 c6) ({RR} 10. Bxc5 dxc5) 10... Be6 11. Bxe6 Rxe6 12. Bxc5 dxc5 13. Nd2 Nd4 14. Nc4 Nd7 ({RR} 14... g6 15. Ne2 Nh5) 15. Nd5 c6 16. Nde3 Rg6 17. c3 Ne6 18. Kh2 b5 19. Nd2 Nf4 20. Nf3 Rd6 21. d4) 10. fxe3 d6 11. Nh4 Be6 12. Nf5 Bxc4 ({RR} 12... Kh7 13. Nd5 Bxd5 14. Bxd5 Nxd5 15. exd5 Ne7 ({RR} 15... Nb8 16. Qh5 Qg5 ({RR} 16... Rf8 17. Nxg7 Kxg7 18. Rf3) 17. Nxg7) 16. Qg4 Ng6 ({RR} 16... g6 17. Nxh6 Kxh6 18. Qh4+ Kg7 19. Qf6+ Kh6 20. Rf3) 17. h4) ({RR} 12... Nb8 13. Qf3 ({RR} 13. Nd5 Nbd7) 13... Nbd7) 13. dxc4 Kh7 ({RR} 13... Nb8 14. c5 dxc5 15. Nxh6+ gxh6 16. Qxd8 Rxd8 17. Rxf6) ({RR} 13... Re6 14. Qf3 Nb8 15. g4 Nbd7 16. Kh1) 14. Qf3 Nb8 ({RR} 14... Ng8 15. Rad1 ({RR} 15. c5 dxc5 16. Rad1 Qg5 17. Rd7) 15... b6 ({RR} 15... g6 16. Nxd6 cxd6 17. Qxf7+ Kh8 18. Qxg6 Rf8 19. Nb5) 16. Qg3 Qg5 ({RR} 16... g6 17. Nd4 exd4 18. Rxf7+ Kh8 19. Qxg6) 17. Nd5 Rac8 18. Qh3 g6 19. Rf3 gxf5 20. Rg3 Qd8 21. Qxf5+ Kh8 22. Qg4 Qg5 23. Qh3 Qd8 24. Rf1 Rf8 25. Rxg8+ Kxg8 26. Qxh6) 15. Nxh6 Kxh6 16. Qh3+ Kg6 17. Rf3 Nh5 18. Rf5 Nf6 ({RR} 18... Rh8 19. Qg4+) 19. Qh4 {1-0 Anand,V (2784)-Aronian,L (2792) Zuerich Chess Challenge Rapid 5th 2016 (1)} {RR} Ng8 20. Qh5#) ({RR} 8... Bf8 9. h3 d6 10. Be3 ({RR} 10. Nh2 Be6 11. Nd5 Bxd5 12. exd5 Ne7 13. Qf3) 10... a6 11. b4 Ne7 12. Bb3 Ng6 13. Re1) 9. b4 $146 ({RR} 9. h3 Bc5 10. Be3 Nd4 11. Bxd4 exd4 12. Ne2 d5 13. exd5 Nxd5 14. Ng3 Be6 15. Ne4 Ba7 16. Qd2 b5 17. Ba2 c5 18. c4 dxc3 19. bxc3 Rc8 20. Ng3 Bb8 21. Bb1 Bf4 22. Qc2 Bxg3 23. fxg3 Ne3 {0-1 Moller,A (1902)-Larsen,U (1998) Bronshoj Lang Weekend 2018 (6)}) ({RR} 9. h3 Bf8 10. Be3 d6 11. Re1 Be6 12. b4 d5 13. exd5 Nxd5 14. Nxd5 Bxd5 15. Bxd5 Qxd5 16. c4 Qd7 17. Qb3 Rad8 18. Rad1 Re6 19. Qc3 Rde8 20. d4 exd4 21. Nxd4 Nxd4 22. Rxd4 Qc6 23. Red1 Be7 {0-1 Rudzinska,M (2241)-Khademalsharieh,S (2486) European Women Blitz 2023 2024 (9.12)}) ({RR} 9. Nh4 Bc5 10. Be3 Bd4 11. Qf3 Bxc3 12. bxc3 d5 13. Bxd5 Nxd5 14. exd5 Ne7 15. Qg3 Kh7 16. Bd2 Nxd5 17. Rae1 e4 18. dxe4 Nf6 19. Qd3 Kg8 20. e5 Nh7 21. Re4 Be6 22. Bc1 Qd5 23. Rd1 Qc6 {1-0 Polgar,J (2727)-Sasikiran,K (2700) Calatrava op rapid 2nd 2007 (5)}) 9... b5 10. Ba2 Bb7 11. Ne2 Be7 12. Ng3 d5 13. Bb2 Bf8 14. Nd2 a5 15. bxa5 Nxa5 16. f4 Nc6 17. Nh5 Nxh5 18. Qxh5 g6 19. Qg4 Bc5+ 20. Kh1 Rf8 21. Bxd5 Kh7 22. fxe5 Qe7 23. Nb3 Bb6 24. Qf4 Nd8 25. Bc1 g5 26. Qf5+ Kg7 27. Bb2 Bxd5 28. exd5 Kg8 29. Nd2 Ra6 30. Ne4 Bc5 31. d6 Rxd6 32. exd6 Qxe4 33. dxe4 Bxd6 34. Qf6 Be5 35. Bxe5 Ne6 36. Qh8# 1-0

[Event "Olympiad Women 2024"]
[Site "Budapest HUN"]
[Date "2024.09.13"]
[Round "3.24"]
[Board "1"]
[White "Terao, Juliana Sayumi"]
[Black "Rouda Essa, Alserkal"]
[Result "1-0"]
[WhiteElo "2161"]
[BlackElo "2036"]
[PlyCount "141"]
[EventDate "2024.09.11"]
[WhiteTeam "Brazil"]
[BlackTeam "United Arab Emirates"]
[WhiteTeamCountry "BRA"]
[BlackTeamCountry "UAE"]

1. e4 c5 2. Nf3 Nc6 3. Bb5 d6 4. O-O Bd7 5. Re1 Nf6 6. c3 a6 7. Bf1 Bg4 8. h3 Bxf3 9. Qxf3 g6 10. d3 Bg7 11. Be3 O-O 12. Nd2 Nd7 13. Qd1 Re8 $146 ({RR} 13... b5 14. Nf3 b4 15. Qa4 Qc7 16. d4 Rfb8 17. Rac1 bxc3 18. bxc3 Nb6 19. Qa3 Nd7 20. dxc5 Nxc5 21. Bxc5 dxc5 22. Qxc5 Rc8 23. Red1 e6 24. c4 Bf8 25. Qe3 Ne5 26. Nxe5 Qxe5 27. Rd7 Bc5 28. Qf3 {0-1 Murzin,V (2519)-Timofeev,A (2574) Titled Tuesday intern op 08th Feb Early blitz 2022 (8)}) ({RR} 13... Rc8 14. f4 e5 15. f5 gxf5 16. exf5 d5 17. g4 e4 18. Bf4 Nde5 19. dxe4 d4 20. g5 Re8 21. Qh5 dxc3 22. bxc3 Nd3 23. Bxd3 Qxd3 24. f6 Bf8 25. Qf3 c4 26. Qxd3 cxd3 27. e5 Nd8 28. Ne4 {1-0 Kasparov,G (2812)-Vachier Lagrave,M (2715) Clichy m blitz 2011 (1)}) ({RR} 13... b5 14. Nf3 b4 15. d4 bxc3 16. bxc3 Qa5 17. Qd3 Rfc8 18. Reb1 Qa3 19. Rb3 Qa4 20. Rab1 Qxa2 21. Rb7 cxd4 22. cxd4 Ncb8 23. Rc1 Rd8 24. Qc3 Qe6 25. Bc4 Qxe4 26. Bxf7+ Kh8 27. Qb3 Qf5 28. Be6 {1-0 Bok,B (2572)-Tiviakov,S (2677) Groningen op 52nd 2014 (9)}) 14. Nf3 Rc8 15. Rc1 Nf6 16. Qd2 e5 17. Rcd1 Qc7 18. g3 Rcd8 19. Qc1 b5 20. Bg2 a5 21. Nh2 Nb8 22. Bg5 Rd7 23. h4 Qb6 24. Nf1 h5 25. Ne3 Na6 26. Bh3 Rb7 27. Kg2 Nc7 28. b3 Qc6 29. Kg1 Nh7 30. Nf1 Ne6 31. Bh6 Bh8 32. f4 exf4 33. gxf4 b4 34. f5 Nd8 35. cxb4 axb4 36. Re2 Rbe7 37. Rg2 d5 38. fxg6 fxg6 39. Bf5 Re6 40. Bxe6+ Rxe6 41. Ng3 Nf7 42. Kh1 Nxh6 43. Qxh6 Bg7 44. Qf4 Be5 45. exd5 Qxd5 46. Qc4 Nf6 47. Nxh5 Qxc4 48. Nxf6+ Bxf6 49. dxc4 Bxh4 50. Rd7 Be7 51. Kh2 Kf8 52. Kh3 Ke8 53. Rd5 Re3+ 54. Kg4 Kf7 55. Rf2+ Ke6 56. Kf4 Re1 57. Kf3 Re5 58. Re2 Rxe2 59. Kxe2 Kf6 60. Kf3 Ke6 61. Kf4 Kf6 62. Ke4 Ke6 63. Rd1 Bh4 64. Rg1 g5 65. Rg2 Kd6 66. Kf5 Kc6 67. Rxg5 Bxg5 68. Kxg5 Kc7 69. Kf5 Kb6 70. Ke5 Kc6 71. Ke6 1-0

[Event "Olympiad Women 2024"]
[Site "Budapest HUN"]
[Date "2024.09.13"]
[Round "3.24"]
[Board "2"]
[White "Al Maamari, Wafia Darwish"]
[Black "Librelato, Kathie Goulart"]
[Result "1/2-1/2"]
[WhiteElo "1908"]
[BlackElo "2181"]
[PlyCount "129"]
[EventDate "2024.09.11"]
[WhiteTeam "United Arab Emirates"]
[BlackTeam "Brazil"]
[WhiteTeamCountry "UAE"]
[BlackTeamCountry "BRA"]

1. Nf3 Nf6 2. b3 d5 3. Bb2 e6 4. c4 b6 5. e3 Bb7 6. Nc3 Nbd7 7. d4 Bd6 8. Bd3 O-O 9. O-O a6 10. Rc1 Qe7 11. Qe2 c5 ({RR} 11... Ne4 12. Rc2 f5 13. Na4 c5 14. cxd5 exd5 15. Ne5 Bxe5 16. dxe5 Ng5 17. f4 Ne6 18. g4 g6 19. Qg2 fxg4 20. Nc3 b5 21. Nxd5 Bxd5 22. Qxd5 Rad8 23. Be2 Nb6 24. Qe4 Nd5 25. Bxg4 Ng7 26. Bf3 {½-½ Horvath,J (2410)-Eljanov,P (2676) TCh-HUN 2023-24 (9.1)}) 12. cxd5 exd5 13. dxc5 Nxc5 14. Bb1 $146 ({RR} 14. Nd4 g6 15. Bb1 b5 16. Qf3 Nfe4 17. Rfd1 Rac8 18. Nde2 Be5 19. Qh3 h5 20. f4 Bh8 21. Nxe4 Bxb2 22. Rxc5 Rxc5 23. Nxc5 Qxc5 24. f5 Re8 25. Kf2 Qd6 26. fxg6 fxg6 27. Qg3 Qxg3+ 28. hxg3 Rf8+ {1-0 Ynojosa Aponte,F (2405)-Kjartansson,G (2434) Badalona op-A 39th 2013 (9)}) 14... Nfe4 15. Rfd1 Rad8 16. g3 Bb8 17. Nh4 Qe6 18. b4 Nd7 19. Nf3 Rfe8 20. Qd3 Qf5 21. Qe2 Ndf6 22. Nxe4 dxe4 23. Nd4 Qh3 24. Qf1 Qh5 25. h4 Ng4 26. Qe2 Be5 27. Kg2 Qg6 28. Rh1 h5 29. Rcd1 Qf6 30. a3 b5 31. Ba2 g6 32. Rd2 Kh7 33. Rc1 Rc8 34. Rdc2 Rxc2 35. Rxc2 Rd8 36. Kg1 Rd7 37. Bb3 g5 38. hxg5 Qxg5 39. Rc5 h4 40. f4 exf3 41. Nxf3 Bxf3 42. Qxf3 f6 43. Bc2+ Kg7 44. Bxe5 Nxe5 45. Qf4 Qxg3+ 46. Qxg3+ hxg3 47. Kg2 Nc4 48. Kxg3 Nxe3 49. Be4 Nc4 50. a4 Nd6 51. Bc6 Rc7 52. axb5 axb5 53. Bf3 Rxc5 54. bxc5 Ne8 55. Kf4 Nc7 56. Ke3 Kf7 57. Kd3 Ke6 58. Kc3 f5 59. Kd4 Kf6 60. c6 Ke6 61. Kc5 f4 62. Bg4+ Ke5 63. Bf3 Ke6 64. Bg4+ Ke5 65. Bf3 1/2-1/2

[Event "Olympiad Women 2024"]
[Site "Budapest HUN"]
[Date "2024.09.13"]
[Round "3.24"]
[Board "3"]
[White "Alboredo, Julia"]
[Black "Mariam, Essa"]
[Result "1-0"]
[WhiteElo "2127"]
[BlackElo "1779"]
[PlyCount "66"]
[EventDate "2024.09.11"]
[WhiteTeam "Brazil"]
[BlackTeam "United Arab Emirates"]
[WhiteTeamCountry "BRA"]
[BlackTeamCountry "UAE"]

1. e4 c5 2. Nf3 g6 3. Bc4 Nc6 4. O-O Bg7 5. c3 f5 $146 ({RR} 5... Qb6 6. d3 Na5 7. Nbd2 Nxc4 8. Nxc4 Qc7 9. Bd2 Nf6 10. h3 O-O 11. Ne3 d6 12. Qc2 h6 13. Nh2 b5 14. Rae1 Bb7 15. Neg4 Nxg4 16. Nxg4 h5 17. Ne3 e6 18. f4 f5 19. exf5 gxf5 20. Qd1 {0-1 Romi,M-Trifunovic,P Olympiad-06 Warsaw 1935 (13)}) ({RR} 5... Na5 6. Be2 Nf6 7. e5 Nd5 8. d4 cxd4 9. Qxd4 Nc7 10. Qh4 h6 11. Qg3 Nc6 12. Re1 b6 13. Bc4 Bb7 14. Na3 Qc8 15. Bd2 Na5 16. Be2 Ne6 17. c4 Nc6 18. Rad1 h5 19. h4 O-O 20. Nb5 {0-1 Georgiev,K (2475)-Pavlovic,M (2455) Ano Liosia op 1993 (4)}) ({RR} 5... Nf6 6. e5 Ng4 7. d4 cxd4 8. cxd4 O-O 9. Nc3 d6 10. h3 Nh6 11. Qe2 Nf5 12. Rd1 Qc7 13. g4 Nh6 14. e6 f6 15. d5 Ne5 16. Nxe5 fxe5 17. Be3 Kh8 18. Rac1 Ng8 19. Rc2 Nf6 20. Rdc1 {1-0 Sielicki,M-Rytel,B (1474) Warsaw op-B 01 2009 (8)}) ({RR} 5... Nf6 6. e5 Ng8 7. d4 d5 8. exd6 Qxd6 9. Ng5 Nh6 10. Ne4 Qc7 11. Nxc5 O-O 12. Bxh6 Bxh6 13. Na3 a6 14. Bb3 Qf4 15. Nd3 Qh4 16. Qf3 Bg4 17. Qe4 Qg5 18. f4 Qh5 19. Ne5 Nxe5 20. fxe5 {1-0 Petersen,J-Max,H Munich Schach-Olympia (No FIDE event) 1936 (9)}) 6. Bxg8 Rxg8 7. exf5 d6 8. fxg6 hxg6 9. d4 cxd4 10. Nxd4 Nxd4 11. cxd4 Qb6 12. Be3 Qxb2 13. Nd2 Qb5 14. Re1 Bd7 15. Ne4 Qd5 16. Bg5 Bc6 17. Bxe7 Kd7 18. Bf6 Qf5 19. d5 Qxd5 20. Bxg7 Qxd1 21. Raxd1 Rxg7 22. Nc5+ Kc8 23. Rxd6 Kc7 24. Rf6 Kb6 25. Ne6 Re7 26. Rb1+ Ka5 27. Nd4 Be4 28. Nb3+ Kb4 29. Re1 Ka3 30. f3 Kxa2 31. Nc1+ Kb2 32. fxe4 a5 33. Rf3 Rc7 1-0

[Event "Olympiad Women 2024"]
[Site "Budapest HUN"]
[Date "2024.09.13"]
[Round "3.24"]
[Board "4"]
[White "Anoud Eisa Bashkardi"]
[Black "Tamarozi, Isabelle"]
[Result "1-0"]
[WhiteElo "1811"]
[BlackElo "2059"]
[PlyCount "95"]
[EventDate "2024.09.11"]
[WhiteTeam "United Arab Emirates"]
[BlackTeam "Brazil"]
[WhiteTeamCountry "UAE"]
[BlackTeamCountry "BRA"]

1. e4 c5 2. Nf3 g6 3. d4 cxd4 4. Qxd4 Nf6 5. Nc3 Nc6 6. Qa4 d6 7. e5 dxe5 8. Nxe5 Bd7 9. Nxd7 Nxd7 10. Be3 Bg7 11. Rd1 ({RR} 11. Be2 Bxc3+ 12. bxc3 Qa5 13. Qb3 Nc5 14. Qc4 Na4 15. O-O Nxc3 16. Bf3 Ne5 17. Qf4 Nxf3+ 18. Qxf3 Qd5 19. Qg4 O-O 20. Bh6 Rfe8 21. Rfe1 Qc5 22. h4 Rad8 23. Be3 Qc7 24. Bf4 Rd4 25. Qxg6+ hxg6 {0-1 Adhiban,B (2541)-Duda,J (2732) World Blitz 2023 (10.21)}) 11... O-O 12. Be2 Qc8 13. h4 ({RR} 13. O-O Nb6 14. Qh4 Ne5 15. Rd4 Bf6 16. Bg5 Bxg5 17. Qxg5 Qc5 18. Qh4 Rfd8 19. Rfd1 Rxd4 20. Rxd4 Rc8 21. h3 Nec4 22. b3 Nd6 23. Rd3 Nf5 24. Qe4 Qa5 25. b4 Qa3 26. Nd5 Qc1+ 27. Rd1 Qxc2 {0-1 Ambartsumian,T (2156)-Rangel,D (2193) Titled Tue 30th Jul Early 2024 (9)}) 13... a6 $146 ({RR} 13... Nb6 14. Qb5 Rd8 15. Rxd8+ Qxd8 16. h5 Nd4 17. Bxd4 Qxd4 18. hxg6 hxg6 19. Nd1 Rd8 20. Qg5 Rd5 21. Qe3 Qxe3 22. Nxe3 Ra5 23. b3 Bc3+ 24. Kf1 Rxa2 25. Bf3 Ra1+ 26. Nd1 Bf6 27. Ke2 Rc1 28. Kd2 {0-1 Vanishvili,M (1976)-Frolova,L (1784) Ural-ch (Women) 2022 (3)}) 14. h5 b5 15. Qh4 Nf6 16. g4 Qe6 17. hxg6 fxg6 18. g5 Nh5 19. Bg4 Bxc3+ 20. bxc3 Qxa2 21. Bxh5 gxh5 22. Rd2 Qa1+ 23. Ke2 Qxc3 24. Qxh5 Qc4+ 25. Ke1 Qf7 26. g6 Qxg6 27. Qd5+ Kh8 28. Rh6 Rad8 29. Qxc6 Qg1+ 30. Ke2 Rxd2+ 31. Kxd2 Rd8+ 32. Kc3 Qe1+ 33. Kb3 Qb1+ 34. Ka3 b4+ 35. Ka4 Qb2 36. Qxa6 Qa3+ 37. Kb5 Qc3 38. Qb6 Rd5+ 39. Bc5 Qxc2 40. Qc6 Qd3+ 41. Kxb4 Qb1+ 42. Ka5 Qb3 43. Rh4 Rd8 44. Bd4+ Kg8 45. Rg4+ Kf8 46. Qh6+ Ke8 47. Qh5+ Qf7 48. Rg8+ 1-0

[Event "Olympiad Women 2024"]
[Site "Budapest HUN"]
[Date "2024.09.13"]
[Round "3.25"]
[Board "1"]
[White "February, Jesse Nikki"]
[Black "Rivera, Ingris"]
[Result "1-0"]
[WhiteElo "2013"]
[BlackElo "2171"]
[PlyCount "79"]
[EventDate "2024.09.11"]
[WhiteTeam "South Africa"]
[BlackTeam "Colombia"]
[WhiteTeamCountry "RSA"]
[BlackTeamCountry "COL"]

1. e4 c5 2. Nf3 d6 3. d4 cxd4 4. Nxd4 Nf6 5. Nc3 a6 6. h3 h5 7. Bg5 Nc6 ({RR} 7... Nbd7 8. Bc4 Qc7 9. Bb3 e6 10. Qe2 Nc5 11. O-O-O Be7 12. Kb1 b5 13. Bxf6 Bxf6 14. f4 Nxb3 15. axb3 b4 16. Na4 Bb7 17. Nf3 g6 18. e5 dxe5 19. Nxe5 Bxe5 20. fxe5 O-O 21. Rd6 Rfd8 22. Rhd1 {1-0 Xiong,J (2709)-Shahinyan,D (2452) PNWCC Opening Bl Sicilian blitz 2020 (11)}) ({RR} 7... Nbd7 8. Bc4 e6 9. Qe2 b5 10. Bb3 Qb6 11. O-O-O Nc5 12. f4 Bb7 13. e5 dxe5 14. fxe5 Nfe4 15. Nxe4 Nxe4 16. Be3 Bc5 17. Rhe1 O-O-O 18. c3 Rd7 19. Bg1 g6 20. a3 Rhd8 21. Bc2 Ng3 22. Qf2 {0-1 Afanasieva,A (1857)-Tissir,M (2349) Titled Tue 27th Feb Late 2024 (4)}) 8. Nb3 $146 ({RR} 8. Bc4 e6 9. Nxc6 bxc6 10. e5 Qa5 11. Bxf6 gxf6 12. exd6 Qe5+ 13. Qe2 Bxd6 14. Qxe5 Bxe5 15. Na4 Rb8 16. c3 h4 17. O-O-O Rg8 18. Bf1 Rb5 19. Bxb5 cxb5 20. Nb6 Bb7 21. Nd7 Bf4+ 22. Kb1 Ke7 {0-1 Nasir,Z (2057)-Boyer,M (2427) Titled Tue 29th Nov Early 2022 (4)}) 8... e6 9. Qd2 Be7 10. f4 b5 11. a3 Bb7 12. Be2 Qb6 13. O-O-O O-O-O 14. Bf3 Kb8 15. Qe2 Qc7 16. Rd2 Rhe8 17. Rhd1 g6 18. Qf2 Ng8 19. Bxe7 Ngxe7 20. g4 hxg4 21. hxg4 g5 22. f5 Ne5 23. Be2 N7c6 24. Nd4 Nxd4 25. Qxd4 Rh8 26. Qe3 exf5 27. exf5 f6 28. Nd5 Bxd5 29. Rxd5 Rh2 30. c3 Qc6 31. Kb1 Rd7 32. Qe4 Qb6 33. R5d4 Kc7 34. Bf3 Nxf3 35. Qxf3 Re7 36. Rxd6 Qc5 37. Qg3 Qe5 38. Qg1 Kc8 39. Qb6 Qe4+ 40. Ka1 1-0